La Seguridad internacional y la lucha contra el terrorismo a cinco años del 11 de septiembre /

Guardado en:
Bibliografiske detaljer
Hovedforfatter: Rosas, María Cristina
Format: Texto
Tags: Tilføj Tag
Ingen Tags, Vær først til at tagge denne postø!

MARC

LEADER 00000 a a2200000 04500
001 3618
003
040
100 |a Rosas, María Cristina  
245 |a La Seguridad internacional y la lucha contra el terrorismo a cinco años del 11 de septiembre /  |c María Cristina Rosas 
773 |g volumen 56, número 9; páginas 740-760  
999 |c 31611  |d 31611